Előszó ; Kéziratok ; Kiadások és fordítások ; A többi recenzió ; Exkurzus ; Bibliográfia
Elmentve itt :
| Dokumentumtípus: | Könyv része |
|---|---|
| Megjelent: |
2011
|
| Sorozat: | Acta Universitatis Szegediensis : Opuscula Byzantina
10 Theodóros Synkellos Az Istenanya ruhájának Blachernaiban történt elhelyezéséről szóló beszéde : appendix: Szádeczky-Kardoss Samu Theodóros Synkellosról szóló cikkei 10 |
| Kulcsszavak: | Görög irodalom - bizánci - tanulmányok, Ortodox egyház, Avarok története - forrás, Bizánc - művelődéstörténet |
| Tárgyszavak: | |
| Online Access: | http://acta.bibl.u-szeged.hu/71500 |
| LEADER | 01082naa a2200217 i 4500 | ||
|---|---|---|---|
| 001 | acta71500 | ||
| 005 | 20210923111523.0 | ||
| 008 | 210119s2011 hu o 0|| hun d | ||
| 020 | |a 978-963-306-145-9 | ||
| 040 | |a SZTE Egyetemi Kiadványok Repozitórium |b hun | ||
| 041 | |a hun | ||
| 245 | 0 | 0 | |a Előszó ; Kéziratok ; Kiadások és fordítások ; A többi recenzió ; Exkurzus ; Bibliográfia |h [elektronikus dokumentum] |
| 260 | |c 2011 | ||
| 300 | |a 11-41 | ||
| 490 | 0 | |a Acta Universitatis Szegediensis : Opuscula Byzantina |v 10 | |
| 490 | 0 | |a Theodóros Synkellos Az Istenanya ruhájának Blachernaiban történt elhelyezéséről szóló beszéde : appendix: Szádeczky-Kardoss Samu Theodóros Synkellosról szóló cikkei |v 10 | |
| 650 | 4 | |a Bölcsészettudományok | |
| 650 | 4 | |a Történettudomány és régészet | |
| 650 | 4 | |a Nyelvek és irodalom | |
| 695 | |a Görög irodalom - bizánci - tanulmányok, Ortodox egyház, Avarok története - forrás, Bizánc - művelődéstörténet | ||
| 856 | 4 | 0 | |u http://acta.bibl.u-szeged.hu/71500/1/opuscula_byzantina_010_011-041.pdf |z Dokumentum-elérés |